| 000 | 01456nam a2200277 4500 | ||
|---|---|---|---|
| 001 | 114123 | ||
| 003 | DR-UNIBE | ||
| 005 | 20251002062558.0 | ||
| 008 | 251001b2011 dr ||||| |||| 00| 1 spa d | ||
| 020 | _a978994541483 | ||
| 040 |
_aBIBLIOTECA UNIBE _bspa _cBIBLIOTECA UNIBE _erda |
||
| 041 | _aspa | ||
| 090 | _aFBIU-PUCMM CI D618 | ||
| 245 | 1 | 0 |
_aDiversion, color y fantasía: _bcuentos de niños y niñas dominicanas / _cpresentación: Josefina Pimentel ; edición y prólogo: Liliana Montenegro ; compilación: Equipo Técnico Programa Escuelas Efectivas-Lengua española |
| 250 | _aPrimera edición | ||
| 260 |
_aSantiago de los Caballeros : _bPontificia Universidad Católica Madre y Maestra (PUCMM), _c2011 |
||
| 300 |
_a169 páginas : _bilustraciones ; _c23 x 18 cm |
||
| 490 | _aPUCMM. Colección contemporáneos | ||
| 500 | _aIncluye glosario, fotos de los niños escritores de primero a cuarto grados de escuelas de escuelas de Santiago de los Caballeros, La Vega, Moca y otras que participaron en el cuarto concurso anual promovido por la PUCMM y el Programa Escuelas Efectivas-Lengua Española | ||
| 653 | 7 | _aCuentos infantiles dominicanos | |
| 653 | 7 | _a Literatura infantil dominicana | |
| 700 | 1 | 0 |
_aMontenegro, Liliana _955076 _eeditor _eprologuista |
| 700 | 0 |
_aPimentel Valenzuela, Josefina _epresentación _928758 |
|
| 710 | 1 | 0 |
_aEquipo Técnico Programa Escuelas Efectivas-Lengua Epañola _955083 _ecompilador |
| 942 |
_2ddc _cBK |
||
| 999 |
_c114123 _d114123 |
||